Alle Comics von Tim und Struppi - Statistiken

Allgemein
  • Dieses Quiz wurde 56 mal gespielt
  • Das Durchschnittsergebnis liegt bei 15 aus 25
Antwortstatistiken
Antwort % Korrekt
Tim in Amerika
88%
Tim im Kongo
81%
Der Blaue Lotos
79%
Der Fall Bienlein
75%
Reiseziel Mond
75%
Die Zigarren des Pharaos
71%
Tim in Tibet
69%
Die Schwarze Insel
65%
Schritte auf dem Mond
65%
Tim und die Picaros
65%
Der Arumbaya-Fetisch
63%
Die Juwelen der Sängerin
63%
Kohle an Bord
63%
König Ottokars Zepter
58%
Der Sonnentempel
56%
Die Krabbe mit den goldenen Scheren
56%
Tim und der Haifischsee
56%
Der geheimnisvolle Stern
54%
Die sieben Kristallkugeln
54%
Flug 714 nach Sydney
52%
Der Schatz Rackhams des Roten
50%
Tim im Lande der Sowjets
50%
Tim und die Alpha-Kunst
48%
Das Geheimnis der Einhorn
40%
Im Reiche des Schwarzen Goldes
40%
Keine übereinstimmenden Quizze gefunden
Verteilung der Resultate
Anzahl Personen mit jedem Resultat
Perzentil nach korrekt beantworteten Fragen
Ihre Resultats-Entwicklung
Sie haben dieses Quiz noch nicht gespielt